Statistiken für Reichste Deutsche Städte nach BIP

Klicken Sie hier um das Quiz zu spielen!

Allgemein

  • Dieses Quiz wurde 106 mal gespielt
  • Das Durchschnittsergebnis liegt bei 9 aus 20

Antwortstatistiken

BIP in Mio €Stadt% Korrekt
165.457Berlin
98%
130.873Hamburg
92%
128.752München
89%
74.087Frankfurt am Main
72%
66.687Köln
67%
54.983Stuttgart
54%
54.150Düsseldorf
52%
55.374Hannover
47%
32.323Nürnberg
46%
30.973Bremen
42%
24.595Dortmund
38%
27.114Essen
34%
23.804Leipzig
33%
24.067Dresden
32%
22.626Aachen
24%
22.699Mainz
24%
21.491Mannheim
23%
27.160Bonn
21%
22.143Karlsruhe
21%
20.504Braunschweig
13%

Verteilung der Resultate

Perzentil nach korrekt beantworteten Fragen

Anzahl Personen mit jedem Resultat

Ihre Resultats-Entwicklung

Sie haben dieses Quiz noch nicht gespielt